000 01540nac a22003731u 4500
999 _c3415
_d3415
003 EG-ScBUE
005 20210314112209.0
008 200219r20011999xxk f b 001 0 eng d
020 _a9780521030540
020 _a0521030544
040 _aEG-ScBUE
_beng
_erda
_cEG-ScBUE
_dEG-ScBUE
082 0 4 _a822.309
_bCAR
_222
100 1 _aCartwright, Kent,‏
_d1943-
_eauthor.
245 1 0 _aTheatre and humanism :
_bEnglish drama in the sixteenth century /
_cKent Cartwright.
246 3 _aTheatre and humanism :
_bEnglish drama in the 16 century
250 _aReprinted edition.
264 1 _aCambridge :
_bCambridge University Press,
_c2001.
300 _ax, 321 pages ;
_c24 cm
336 _2rdacontent
_atext
_btxt
337 _2rdamedia
_aunmediated
_bn
338 _2rdacarrier
_avolume
_bnc
504 _aIncludes bibliographical references and index.
650 7 _aEnglish drama
_yEarly modern and Elizabethan, 1500-1600
_xHistory and criticism.
_2BUEsh
650 7 _aTheater
_zEngland
_xHistory
_y16th century.
_2BUEsh
650 7 _aRenaissance
_zEngland.
_2BUEsh
650 7 _aHumanists
_zEngland.
_2BUEsh
651 7 _aEngland
_xIntellectual life
_y16th century.
_2BUEsh
653 _bHHUUEENN
_cMarch2021
655 _vReading book
_934232
856 4 1 _3Sample text
_uhttp://www.loc.gov/catdir/samples/cam032/98037229.html
856 4 1 _3Table of contents
_uhttp://www.loc.gov/catdir/toc/cam023/98037229.html
856 4 1 _3Publisher description
_uhttp://www.loc.gov/catdir/description/cam029/98037229.html
942 _cBB
_k822.309C2494
_2ddc